| 000 | 00986nam a2200289 a 4500 | ||
|---|---|---|---|
| 001 | 000041069 | ||
| 003 | OSt | ||
| 005 | 20240412074300.0 | ||
| 008 | 130917s1978 cu r 000 0 spa d | ||
| 040 |
_aDO-SdBNP _bspa _cDO-SdBNP |
||
| 082 |
_aRD863.4 _bC422s,1978 |
||
| 100 | 1 |
_aCestero, Tulio M., _q(Tulio Manuel), _d1877-1955 _91698 |
|
| 245 | 1 | 3 |
_aLa sangre : _buna vidadd bajo la tiranía / _cTulio M. Cestero ; prólogo Inverna Codina ; edición Clara Hernández. |
| 260 |
_aLa Habana : _bCasa de las Américas, _c1978. |
||
| 300 |
_axvi, 233 p. ; _c20 cm. |
||
| 490 | 1 | _aLiteratura latinoamericana | |
| 500 | _a | ||
| 590 | _aInventariado, 2019/BT | ||
| 650 | 0 |
_aNovela histórica dominicana. _9860 |
|
| 650 | 0 |
_aLiteratura dominicana. _967 |
|
| 700 | 1 |
_aCodina, Inverna, _epról. _967566 |
|
| 700 | 1 |
_aHernández, Clara, _eed. _94129 |
|
| 830 |
_aLiteratura latinoamericana _9500 |
||
| 910 | _aValidado. Control de calidad. MFF | ||
| 942 |
_2ddc _cLBS1 |
||
| 956 | _aVMateo | ||
| 999 |
_c40559 _d40559 |
||